La crisis rompe las reglas : (Registro nro. 11648)

Detalles MARC
000 -LEADER
fixed length control field 01488nam a2200265Ia 4500
003 - CONTROL NUMBER IDENTIFIER
control field OSt
005 - DATE AND TIME OF LATEST TRANSACTION
control field 20210511133828.0
008 - FIXED-LENGTH DATA ELEMENTS--GENERAL INFORMATION
fixed length control field 210310s2011 sp gr 000 0 spa d
020 ## - INTERNATIONAL STANDARD BOOK NUMBER
International Standard Book Number 9788434469723
040 ## - CATALOGING SOURCE
Original cataloging agency CO-JMCR
Transcribing agency CO-JMCR
041 1# - LANGUAGE CODE
Language code of text/sound track or separate title spa
Language code of original eng
082 04 - DEWEY DECIMAL CLASSIFICATION NUMBER
Classification number 330.9043 /
Item number O772c
Edition number 23
100 1# - MAIN ENTRY--PERSONAL NAME
Personal name Otte, Max
Relator term autor
9 (RLIN) 26078
245 13 - TITLE STATEMENT
Title La crisis rompe las reglas :
Remainder of title cómo afrontar las nuevas amenazas de la economía mundial /
Statement of responsibility, etc. Max Otte , Thomas Helfrich ; traducción de Sergio Polowsky
250 ## - EDITION STATEMENT
Edition statement Primera edición
260 ## - PUBLICATION, DISTRIBUTION, ETC.
Place of publication, distribution, etc. Barcelona, España :
Name of publisher, distributor, etc. Ariel,
Date of publication, distribution, etc. 2011.
300 ## - PHYSICAL DESCRIPTION
Extent 265 páginas ;
Dimensions 23 cm.
500 ## - GENERAL NOTE
General note Datos biográficos de los autores en solapa frontal.
505 0# - FORMATTED CONTENTS NOTE
Formatted contents note Crisis económicas 2.0 ¿Dónde estamos?. -- Sobre los cambio en la economía mundial. -- Globalización. -- Sobre la regulación de los mercados de capitales. -- De plagas de langostas y manadas de lobos: los fondos de cobertura. -- Llevar Euros a Atenas: el ataque a nuestra moneda. -- La economía financiera, la economía real y el endeudamiento del estado. -- De políticos y partidos. -- Los directivos y la moral.-- De economistas y políticos. -- La economía de las desinformación. -- Sobre estrategias de la inversión en tiempos de crisis. <br/>
650 14 - SUBJECT ADDED ENTRY--TOPICAL TERM
Topical term or geographic name entry element Política comercial
9 (RLIN) 6253
650 24 - SUBJECT ADDED ENTRY--TOPICAL TERM
Topical term or geographic name entry element Relaciones Económicas Internacionales
9 (RLIN) 5216
700 1# - ADDED ENTRY--PERSONAL NAME
Personal name Helfrich, Thomas,
Relator term autor
9 (RLIN) 37554
700 1# - ADDED ENTRY--PERSONAL NAME
Personal name Polowsky, Sergio,
Relator term traductor
9 (RLIN) 37555
942 ## - ADDED ENTRY ELEMENTS (KOHA)
Source of classification or shelving scheme Dewey Decimal Classification
Koha item type Books
Existencias
Withdrawn status Lost status Source of classification or shelving scheme Damaged status Not for loan Home library Current library Shelving location Date acquired Source of acquisition Full call number Barcode Date last seen Copy number Price effective from Koha item type
    Dewey Decimal Classification     Biblioteca Pública José María del Castillo y Rada Biblioteca Pública José María del Castillo y Rada General Stacks 04/15/2018 Donación 330.9043 / O772c 430002083 05/16/2024 Ej.1 03/10/2021 Books